Philadelphia Phillies All-time team - Statistics

General Stats
  • This quiz has been taken 154 times
  • The average score is 5 of 10
Answer Stats
Position Player % Correct
Third Base Mike Schmidt
91%
Second Base Chase Utley
88%
Shortstop Jimmy Rollins
87%
First Base Ryan Howard
87%
Right Field Bryce Harper
76%
Starting Pitcher Steve Carlton
68%
Left Field Richie Ashburn
34%
Catcher Carlos Ruiz
5%
Center Field Shane Victorino
3%
Relief Pitcher Jonathan Papelbon
2%
No matching quizzes found
Score Distribution
Percent of People with Each Score
Percentile by Number Answered
Your Score History
You have not taken this quiz